000 00311 a2200145 4500
001 150925
040 _cEscola São Tomás de Aquino
100 _aSANDRONI, Luciana
240 1 0 _aGata menina
_lpor
245 1 0 _aGata menina
300 _a24
362 0 _a2004
697 _a*LITERATURA INFANTO
942 _cBK
999 _c150925
_d150925